<?xml version="1.0" encoding="UTF-8"?><?xml-stylesheet type="text/xsl" href="static/style.xsl"?><OAI-PMH xmlns="http://www.openarchives.org/OAI/2.0/" xmlns:xsi="http://www.w3.org/2001/XMLSchema-instance" xsi:schemaLocation="http://www.openarchives.org/OAI/2.0/ http://www.openarchives.org/OAI/2.0/OAI-PMH.xsd"><responseDate>2026-04-17T03:38:22Z</responseDate><request verb="GetRecord" identifier="oai:www.recercat.cat:2117/380752" metadataPrefix="marc">https://recercat.cat/oai/request</request><GetRecord><record><header><identifier>oai:recercat.cat:2117/380752</identifier><datestamp>2026-01-14T07:12:40Z</datestamp><setSpec>com_2072_1033</setSpec><setSpec>col_2072_452950</setSpec></header><metadata><record xmlns="http://www.loc.gov/MARC21/slim" xmlns:dcterms="http://purl.org/dc/terms/" xmlns:xsi="http://www.w3.org/2001/XMLSchema-instance" xmlns:doc="http://www.lyncode.com/xoai" xsi:schemaLocation="http://www.loc.gov/MARC21/slim http://www.loc.gov/standards/marcxml/schema/MARC21slim.xsd">
   <leader>00925njm 22002777a 4500</leader>
   <datafield ind2=" " ind1=" " tag="042">
      <subfield code="a">dc</subfield>
   </datafield>
   <datafield ind2=" " ind1=" " tag="720">
      <subfield code="a">Codina Torrella, Idoia</subfield>
      <subfield code="e">author</subfield>
   </datafield>
   <datafield ind2=" " ind1=" " tag="720">
      <subfield code="a">Guamis López, Buenaventura</subfield>
      <subfield code="e">author</subfield>
   </datafield>
   <datafield ind2=" " ind1=" " tag="720">
      <subfield code="a">Roig Sagués, Artur Xavier</subfield>
      <subfield code="e">author</subfield>
   </datafield>
   <datafield ind2=" " ind1=" " tag="720">
      <subfield code="a">Hernández Herrero, María Manuela</subfield>
      <subfield code="e">author</subfield>
   </datafield>
   <datafield ind2=" " ind1=" " tag="720">
      <subfield code="a">Genuina Moisés, Sonia</subfield>
      <subfield code="e">author</subfield>
   </datafield>
   <datafield ind2=" " ind1=" " tag="260">
      <subfield code="c">2022-12-08</subfield>
   </datafield>
   <datafield ind2=" " ind1=" " tag="520">
      <subfield code="a">The effect of ultra-high-pressure homogenization (UHPH) treatments at 300 MPa at inlet temperatures (Ti) between 45 and 75 °C on the microbiological, physical, and sensorial characteristics of fish broth was evaluated. Before the application of UHPH treatments, different fish broth formulations were tested, selecting the formula with the best organoleptic and nutritional characteristics and the lowest cost, containing 45% monkfish heads and rock fish in the same proportion. The microbiological shelf-life of fish broth during cold storage at 4 and 8 °C was extended by a minimum of 20 days by applying UHPH treatments at inlet temperatures (Ti) between 45 and 65 °C. Fish broth UHPH-treated at Ti = 75 °C was microbiologically sterile during storage at 4 °C, 8 °C, and room temperature. Fish broth UHPH-treated was physically stable, significantly reducing the particle size. Color showed higher luminosity and lower yellowness as the inlet temperature increased. In fish broth UHPH-treated at Ti = 75 °C, selected for its microbiological stability, no differences were observed in the nutritional composition, antioxidant activity, and sensorial perception compared to untreated fish broth. Hence, UHPH treatments showed to be an alternative to preserving fish broth with an improved microbiological shelf-life and good sensorial characteristics.</subfield>
   </datafield>
   <datafield ind2=" " ind1=" " tag="520">
      <subfield code="a">Postprint (published version)</subfield>
   </datafield>
   <datafield tag="653" ind2=" " ind1=" ">
      <subfield code="a">Àrees temàtiques de la UPC::Enginyeria agroalimentària::Indústries agroalimentàries::Indústria del peix</subfield>
   </datafield>
   <datafield tag="653" ind2=" " ind1=" ">
      <subfield code="a">Stocks (Cooking)</subfield>
   </datafield>
   <datafield tag="653" ind2=" " ind1=" ">
      <subfield code="a">Ultra-high-pressure homogenization</subfield>
   </datafield>
   <datafield tag="653" ind2=" " ind1=" ">
      <subfield code="a">UHPH</subfield>
   </datafield>
   <datafield tag="653" ind2=" " ind1=" ">
      <subfield code="a">Fish broth</subfield>
   </datafield>
   <datafield tag="653" ind2=" " ind1=" ">
      <subfield code="a">Microbial stabilization</subfield>
   </datafield>
   <datafield tag="653" ind2=" " ind1=" ">
      <subfield code="a">Physical stability</subfield>
   </datafield>
   <datafield tag="653" ind2=" " ind1=" ">
      <subfield code="a">Brous (Catalunya)</subfield>
   </datafield>
   <datafield ind2="0" ind1="0" tag="245">
      <subfield code="a">Effect of ultra-high-pressure homogenization processing on the microbiological, physicochemical, and sensory characteristics of fish broth</subfield>
   </datafield>
</record></metadata></record></GetRecord></OAI-PMH>